| 000 | 00652nam a2200181Ia 4500 | ||
|---|---|---|---|
| 008 | 151202s9999||||xx |||||||||||||| ||und|| | ||
| 082 | _bPNVM-27469 | ||
| 100 | _aमहाराष्ट्र शासन. | ||
| 245 | _aमहाराष्ट्र 1969. | ||
| 260 | _b"महाराष्ट्र राज्य सा. स. मंडळ ,मुंबई." | ||
| 260 | _c1970 | ||
| 300 | _a352 | ||
| 600 | _aमहाराष्ट्र शासन. | ||
| 630 | _aमहाराष्ट्र 1969. | ||
| 700 | _aमहाराष्ट्र शासन. | ||
| 730 | _aमहाराष्ट्र 1969. | ||
| 942 | _cBOOK | ||
| 999 |
_c1293438 _d1293435 |
||